Maude-Sophie Lockman

Ottawa A


Categories

Science - Biology2110354868.0033
Literature - American Literature1210306290.0023
1221257798.0013
Literature - European Literature010110150150.0001
Geography010110119119.0001
History - American History010110146146.0001
Other Science: Earth Science010010143143.0011
Other Arts: Visual01105109109.0001
Philosophy01105119119.0001
Literature - British Literature102057878.0001
Beliefs0240096107.5002
Fine Arts - Visual Fine Arts0020-100.0000

Buzzes

Science - Biologyleukemia1548
Other Arts: Visualbonsai-554
Beliefshouses-556
Science - Biologyreverse transcriptase1562
Literature - American LiteratureFrank O’Hara1562
Science - Biologypregnancy-564
PhilosophyJustice-573
Beliefstrees-575
Americanah1577
Literature - British LiteratureSeán O’Casey1578